| 000 | 01095 a2200289 4500 | ||
|---|---|---|---|
| 001 | 48014 | ||
| 005 | 20260407155746.0 | ||
| 008 | 260407a2018 arg spa d | ||
| 003 | AR-UNSa-BCEJYS | ||
| 040 |
_aAR-UNSa-BCEJYS _bspa _cAR-UNSa-BCEJYS |
||
| 080 |
_a658.012.32 _xFormas de organización, de gestión |
||
| 245 | 1 | 0 | _aGestión de organizaciones. Sector Público |
| 020 | _a978-987-716-042-0 | ||
| 264 | 1 |
_aBuenos Aires : _bOsmar D. Buyatti _c2018 |
|
| 300 |
_a228 p. _c22 cm. |
||
| 505 | _a1. Gestión de las haciendas públicas - 2. Gestión de hospitales públicos - 3. Gestión de entes municipales - 4. Gestión de las organizaciones de la sociedad civil - | ||
| 041 | _aspa | ||
| 942 | _cBK | ||
| 590 | _aniveau_biblio:m niveau_hierar:0 | ||
| 100 | 1 | _aYardin, Amaro Ramón | |
| 700 | 1 | _aRodríguez, Roberto Mario | |
| 700 | 1 | _aCanale, Sandra del Carmen | |
| 700 | 1 | _aBaldini, Roberto Mauro | |
| 700 | 1 | _aCasari, Marisa Adriana | |
| 700 | 1 | _aElstein, Daniela | |
| 856 | 4 | 1 |
_uhttps://www.biblioeco.unsa.edu.ar/pmb/images/libros/L127725.jpg _yImagen de portada _qimage/jpeg |
| 999 |
_c4521 _d4521 |
||